[Event "IND-chT 38th"]
[Site "Bhubaneswar"]
[Date "2018.02.14"]
[Round "9.1"]
[White "Gopal, Geetha Narayanan"]
[Black "Sudhakar, Prem Dutt"]
[Result "1-0"]
[WhiteElo "2593"]
[BlackElo "1737"]
[PlyCount "76"]
[EventDate "2018.02.08"]
[EventType "team-swiss"]
[EventRounds "9"]
[EventCountry "IND"]
[SourceTitle "CBM 182 Extra"]
[Source "ChessBase"]
[SourceDate "2018.02.23"]
[SourceVersion "1"]
[SourceVersionDate "2018.02.23"]
[SourceQuality "1"]
[WhiteTeam "Petroleum Sports"]
[BlackTeam "Bharat Sanchar Nigam"]
[WhiteTeamCountry "IND"]
[BlackTeamCountry "IND"]

1. e4 c5 2. Nf3 g6 3. c3 Bg7 4. d4 cxd4 5. cxd4 d5 6. e5 Bg4 7. Bb5+ Nd7 8. Nbd2 a6 9. Bd3 e6 10. h3 Bxf3 11. Nxf3 Ne7 12. 0-0 Nc6 13. Re1 0-0 14. h4 Qb6 15. Be3 h5 16. Ng5 Nb4 17. Bb1 Rfe8 18. Nxf7 Kxf7 19. Qf3+ Kg8 20. Bxg6 Re7 21. Bg5 Nf8 22. Bxe7 Nxg6 23. Bf6 Rf8 24. Qxh5 Bxf6 25. Qxg6+ Bg7 26. Rad1 Qc6 27. a3 Qc2 28. Qxc2 Nxc2 29. Re2 Nxd4 30. Rxd4 Rc8 31. g3 Rc1+ 32. Kg2 b5 33. f4 Bf8 34. f5 Bc5 35. Rg4+ Kf8 36. fxe6 Ke7 37. h5 Kxe6 38. h6 Rd1 1-0